Top 10 Città più popolose Città Metropolitana di Palermo - Statistics

Statistiche generali
  • Questo quiz è stato fatto 31 volte
  • Il punteggio medio è 6 su 10
Statistiche sulle risposte
Popolazione (ab.) Città % Corretto
657 651 Palermo
100%
54 257 Bagheria
85%
38 018 Monreale
74%
14 354 Cefalù
67%
26 201 Termini Imerese
59%
35 681 Carini
56%
31 401 Partinico
41%
12 031 Cinisi
33%
19 819 Villabate
30%
27 570 Misilmeri
15%
Nessun quiz corrispondente trovato
Distribuzione punteggi
Percentuale di utenti per punteggio
Percentile per numero di risposta
I tuoi punteggi nel tempo
Non hai fatto questo quiz